University States II Quiz Stats

 Plays Quiz Updated Oct 23, 2020

Support Sporcle.
Go Orange.
Score 0/28 Timer 05:00
0 Plays Today
University/School State % Correct
United States Naval AcademyMaryland
76.9%
Tulane UniversityLouisiana
75.2%
United States Air Force AcademyColorado
74.1%
Rice UniversityTexas
73.9%
Washington & Lee UniversityVirginia
59.5%
Hofstra UniversityNew York
59.2%
Carnegie Mellon UniversityPennsylvania
58.5%
United States Military AcademyNew York
58.3%
Drexel UniversityPennsylvania
56%
Appalachian State UniversityNorth Carolina
54.7%
Worcester Polytechnic InstituteMassachusetts
54.4%
Xavier UniversityOhio
52.5%
Loyola Marymount UniversityCalifornia
47.1%
Valparaiso UniversityIndiana
45.9%
University/School State % Correct
University of the OzarksArkansas
45.5%
Howard UniversityDistrict of Columbia
43.7%
Quinnipiac UniversityConnecticut
41%
Lewis & Clark CollegeOregon
39.1%
Nova Southeastern UniversityFlorida
34.6%
Morehouse CollegeGeorgia
34.5%
Drake UniversityIowa
29%
Wayne State UniversityMichigan
28.8%
Bradley UniversityIllinois
28.1%
Bennington CollegeVermont
27.5%
Fairleigh Dickinson UniversityNew Jersey
26.2%
Belmont UniversityTennessee
24.2%
Weber State UniversityUtah
20.5%
Franklin Pierce UniversityNew Hampshire
17.8%

You're not logged in!

Compare scores with friends on all Sporcle quizzes.
OR
Log In
Forgot?

From the Vault

Match the Remake/Reboot

by senordingdong

Movies 6m
How much nostalgia can Hollywood exploit this year?
Remove Ads.
Support Sporcle.
Get the best of Sporcle when you Go Orange. This ad-free experience offers more features, more stats, and more fun while also helping to support Sporcle. Thank you for becoming a member.

Show Comments

Extras

Top Quizzes Today


Score Distribution

Your Account Isn't Verified!

In order to create a playlist on Sporcle, you need to verify the email address you used during registration. Go to your Sporcle Settings to finish the process.

Report this User

Report this user for behavior that violates our Community Guidelines.

Details: